Stati affacciati sul Mar del Nord - Statistics

Statistiche generali
  • Questo quiz è stato fatto 18 volte
  • Il punteggio medio è 7 su 7
Statistiche sulle risposte
Continente Stato % Corretto
Europa Belgio
100%
Europa Danimarca
100%
Europa Norvegia
100%
Europa Paesi Bassi
100%
Europa Regno Unito
94%
Europa Francia
88%
Europa Germania
81%
Nessun quiz corrispondente trovato
Distribuzione punteggi
Percentuale di utenti per punteggio
Percentile per numero di risposta
I tuoi punteggi nel tempo
Non hai fatto questo quiz